|
|
|
|
| LEADER |
00000cam a2200000 7i4500 |
| 001 |
0000039992 |
| 005 |
20140305.0 |
| 008 |
140305 |
| 020 |
|
|
|a 9670246185
|
| 090 |
0 |
0 |
|a ALI
|b MAL
|
| 100 |
0 |
|
|a Aliesha Kirana
|
| 245 |
1 |
0 |
|a Love you Mr. Arrogant
|c Aliesha Kirana
|
| 260 |
|
|
|a Selangor :
|b Penerbitan Karyaseni Sdn Bhd ,
|c 2013
|
| 650 |
|
0 |
|a Malay fiction
|
| 999 |
|
|
|a 0001270790
|b Book
|c Adult Collection
|e Perbadanan Perpustakaan Awam Johor
|
| 999 |
|
|
|a 0001270791
|b Book
|c Adult Collection
|e Perbadanan Perpustakaan Awam Johor
|
| 999 |
|
|
|a 0001270792
|b Book
|c Adult Collection
|e Cawangan AEON Kulaijaya
|
| 999 |
|
|
|a 0001270793
|b Book
|c Adult Collection
|e Cawangan AEON Kulaijaya
|